000 00887nas a2200289 4500
001 BR2012005378
003 BR-BrBNA
005 20231205120855.0
007 ta
008 230509b bl.|||p| |||| 00| 00por d
040 _aBR-BrBNA
_bpor
_cBiblioteca Nacional de Agricultura
041 _a(Pt)
072 _aF30; H20
100 1 _aSilveira, F.T.
100 1 _aJunqueira, B.G.
100 1 _aSilva, P.C. da
100 1 _aMoro, J.R.
245 1 _aComportamento de linhagens elites de milho para resistência aos enfezamentos
650 _aMILHO
650 _aMELHORAMENTO GENÉTICO VEGETAL
650 _aGERMOPLASMA
650 _aDOENÇA DE PLANTA
650 _aENFEZAMENTO
773 0 _tRevista Brasileira de Milho e Sorgo (Brazil)
_xISSN 1676-689X
_g(Sep-Dec 2006), v. 5(3) p. 431-442
_wBR2012005378
909 _a202311
_bLúcia
_c55
_dLúcia Elande
942 _2AGRIS
_n0
_cANA
999 _c220750
_d220750